Quiz o Oświecimiu - Statystyki

Ogólne statystyki
  • Ten quiz został rozwiązany 35 razy
  • Średni wynik to 10 z 15
Statystyki odpowiedzi
Zagadnienie Odpowiedź % Poprawnych
W której części Polski znajduje się Oświęcim? południowej
100%
Jak nazywa się niemiecki obóz zagłady utworzony w Oświęcimiu w 1940 r.? Auschwitz‑Birkenau
97%
W którym województwie znajduje się Oświęcim? W województwie małopolskim
97%
Jakie litery znajdują się na tablicach rejestracyjnych pojazdów z Oświęcimia? KOS
93%
Nad jaką rzeką położony jest Oświęcim? Nad Sołą
90%
Jaki kolor znajduje się w tle herbu i flagi miasta Oświęcim? niebieski
83%
Jaki napis widnieje nad bramą wejściową do byłego niemieckiego obozu Auschwitz? „Praca czyni wolnym”
83%
Które z wymienionych miast leży najbliżej Oświęcimia? Tychy
79%
Który z wymienionych polityków urodził się w Oświęcimiu? Beata Szydło
62%
Kto był pierwszym komendantem obozu w Oświecimiu? Rudolf Höss
62%
Ile mieszkańców liczy Oświęcim? 30 000 – 40 000
55%
Ile osób oficjalnie zamordowano w Oświęcimiu podczas II wojny światowej? ok. 1 mln
48%
Który z wymienionych sportowców urodził się w Oświęcimiu? Paweł Korzeniowski
41%
Który z wymienionych siatkarzy urodził się w Oświęcimiu? Piotr Gruszka
38%
Który film był nagrywany w Oświęcimiu? Uciekinier
21%
Nie znaleziono quizów pasujących do podanych kryteriów
Rozkład punktacji
Procent ludzi z każdym wynikiem
Percentyl według liczby udzielonych odpowiedzi
Twoja historia wyników
Nie rozwiązałeś tego quizu